00683nam a2200193 4500001000700000003000900007005001700016007000300033008004100036100003900077245006500116250002500181260004200206300003000248700003400278852003200312999001900344952012600363127645ES-MaACL20230906193044.0t|070214s1961 sp r ||||1| spa d1 aRiquelme Sánchez, Manuel.99744910aAprestos y acabados de fibras textiles / cRiquelme, Manich. a3ª ed. corr. y aum. aBarcelona : bDalmau y Jover, c1961. a558 p. : bil. ; c23 cm.1 aManich Oliva, Alberto.976026 aES-MaACLjC-21268 bR.49633 c127645d127645 00104070aATENEOMbATENEOMcGaleríad2008-01-17eSCl0oC-21268p1132949r2023-02-23 00:00:00w2023-02-23yMONOGRAFIA